• 首页
  • 本馆介绍
  • 公告通知
  • 最新文献
  • 馆藏检索
  • 电子资源
  • 读者导购
  • 参考咨询
  • 我的图书馆
  • 登录
  • 详细信息显示
  • 放入我的书架
  • 预约/预借图书
  • 作者相关作品
  • 分类相关作品
  • 丛书相关作品
  • 出版社相关作品

书目信息

  • 表格格式
  • 工作单格式
  • 卡片格式
题名:
实践论
    
 
作者: 毛泽东 著
分册:  
出版信息: 北京   人民出版社  1964
页数: 18页
开本: 20cm
丛书名:
单 册:
中图分类: A423
科图分类:
主题词: 毛泽东著作--单行本--1937
电子资源:
ISBN:
000 00722nam0 2200241 45
001 0176003891
005 20060727081715.06
010    @dCNY0.07
091    @aCN@b1001.1066
100    @a19950109d1964 em y0chiy0121 ea
101 0  @achi
102    @aCN@b110000
105    @ay z 000yy
200 10 @a实践论@e论认识和实践的关系-知和行的关系@Ashi jian lun@f毛泽东著
210    @a北京@c人民出版社@d1964
215    @a18页@d20cm
517 1  @a论认识和实践的关系-知和行的关系@Alun ren shi he shi jian de guan xi-zhi he xing de guan xi
605    @a实践论-毛泽东著作
606    @a毛泽东著作@x单行本@z1937
690    @aA423@v3
701  0 @a毛泽东@Amao ze dong@4著
801  0 @aCN@bTSSF@c20060727
905    @a10447@dA423@e29
    
    实践论:论认识和实践的关系-知和行的关系/毛泽东著.-北京:人民出版社,1964
    18页;20cm
    
    
    ISBN :CNY0.07
    
●
相关链接 在E读中查询图书 在五车中查询图书 在当当中查询图书 在豆瓣中查询图书


正题名:实践论     索取号:A423/29         预约/预借

序号 登录号 条形码 馆藏地/架位号 状态 备注
1 0439832   204398320   密集书库/ [索取号:A423/29] 在馆    
唐山师范学院图书馆 欢迎您!
大连网信软件有限公司© 版权所有